| 000 | 01023cad a22002295a 4500 | ||
|---|---|---|---|
| 001 | L150089 | ||
| 008 | 100601s2010 xxk f 000 0 eng d | ||
| 035 | _a(Sirsi) u150089 | ||
| 041 | 0 | _aeng | |
| 050 | 0 | 4 | _a174.30994 $2 22 |
| 110 | 2 |
_aRoyal Institution of Chartered Surveyors _94900 |
|
| 245 | 0 | 0 |
_aMaintaining professional and ethical standards _bHelpsheet _h[electronic resource] |
| 260 |
_aLondon _bRICS _c2010 |
||
| 490 | 0 | _aRICS Regulation Helpsheet | |
| 520 | _aSet of behavioural core values aimed at helping RICS members conform with RICS Bye-Law 5.2.1:Rule 3 of the Rules of Conduct for Members and Rule 3 of the Rules of Conduct for Firms. | ||
| 590 | _aKA | ||
| 650 | 2 | 4 | _aRICS RULES OF CONDUCT |
| 651 | 4 |
_aUnited Kingdom _y |
|
| 690 | _aMANAGEMENT-BUSINESS MANAGEMENT-PROFESSIONAL PRACTICE-PROFESSIONAL ETHICS | ||
| 856 | 4 | 8 |
_uhttps://epicms.rics.org/Global/Downloads/Maintaining_Professional_and_Ethical_Standards_1_April_2010_10_04_08.pdf _z View the item free of charge at www.rics.org |
| 942 | _n0 | ||
| 999 |
_c110731 _d110731 |
||